Nuôi cá ruộng trũng luân canh với lúa vụ xuân

Uloženo v:
Podrobná bibliografie
Hlavní autor: Thanh Tài
Médium: Kniha
Jazyk:Undetermined
Vydáno: Hà Nội Nông Nghiệp 1977
Témata:
Tagy: Přidat tag
Žádné tagy, Buďte první, kdo otaguje tento záznam!
Thư viện lưu trữ: Trung tâm Học liệu Trường Đại học Cần Thơ
LEADER 00521nam a2200181Ia 4500
001 CTU_14434
008 210402s9999 xx 000 0 und d
082 |a 639.31 
082 |b Th107 
100 |a Thanh Tài 
245 0 |a Nuôi cá ruộng trũng luân canh với lúa vụ xuân 
245 0 |c Thanh Tài, Anh Vũ 
260 |a Hà Nội 
260 |b Nông Nghiệp 
260 |c 1977 
650 |a fish-culture 
904 |i Minh, 970103 
980 |a Trung tâm Học liệu Trường Đại học Cần Thơ